The Holy Land : from drawings made on the spot /

محفوظ في:

المؤلف الرئيسي: Roberts, David, 1796-1864 (مؤلف)

مؤلفون آخرون: Croly, George, 1780-1860.

التنسيق: كتاب

اللغة: English

منشور في: Cairo, Egypt : American University in Cairo Press, c1999.

الموضوعات:

الوسوم: إضافة وسم

لا توجد وسوم, كن أول من يضع وسما على هذه التسجيلة!

رقم الطلب: DS109 .R62 1999

LEADER 01209namaa2200313 4500
001 12804
003 OSt
005 20241023102042.0
008 130303s1999 ua ab 000 0aeng d
952 |0 0  |1 0  |2 lcc  |4 0  |6 DS0109 R62 01999  |7 1  |9 12181  |a ARCE  |b ARCE  |d 2021-05-04  |l 0  |o DS109 .R62 1999  |p 1013435  |r 2021-05-04 00:00:00  |w 2021-05-04  |y BK 
999 |c 11384  |d 11384 
020 |a 9774245512 
040 |c ARCE Library 
043 |a awba---  |a awgz--- 
050 4 |a DS109 .R62 1999 
100 1 |a Roberts, David,  |d 1796-1864,  |e author 
245 1 4 |a The Holy Land :  |b from drawings made on the spot /  |c by David Roberts ; with historical descriptions by the Revd. George Croly. 
264 1 |a Cairo, Egypt :  |b American University in Cairo Press,  |c c1999. 
300 |a 320 pages :   |b color illustrations, color map ;   |c 28 cm. 
336 |2 rdacontent  |a text  |b txt 
337 |2 rdamedia  |a unmediated  |b n 
338 |2 rdacarrier  |a volume  |b n 
500 |a Companion volume to: Egypt & Nubia. 
600 1 0 |a Roberts, David,  |d 1796-1864.  |x Travel  |z Palestine. 
651 0 |a Jerusalem  |v Pictorial works. 
651 0 |a Jerusalem  |x Description and travel. 
700 1 |a Croly, George,  |d 1780-1860.   |9 28438 
901 |a reviewed 
942 |c BK  |2 lcc